Элементы стохастики – компетентностный подход
Приведены краткие теоретические сведения по основным разделам стохастики: комбинаторике, теории вероятностей, элементам математической статистики. Предложены образцы решения типовых задач и значительное количество задач компетентностно-ориентированного содержания для самостоятельного решения обучающ...
সংরক্ষণ করুন:
| প্রধান লেখক: | |
|---|---|
| অন্যান্য লেখক: | , |
| বিন্যাস: | Книга |
| ভাষা: | Russian |
| প্রকাশিত: |
Тамбов
ТГТУ
2020
|
| অনলাইন ব্যবহার করুন: | https://e.lanbook.com/book/320207 https://e.lanbook.com/img/cover/book/320207.jpg |
| ট্যাগগুলো: |
ট্যাগ যুক্ত করুন
কোনো ট্যাগ নেই, প্রথমজন হিসাবে ট্যাগ করুন!
|
| LEADER | 02383nam0a2200313 i 4500 | ||
|---|---|---|---|
| 001 | 320207 | ||
| 003 | RuSpLAN | ||
| 005 | 20240216150941.0 | ||
| 008 | 240216s2020 ru gs 000 0 rus | ||
| 020 | |a 978-5-8265-2227-1 | ||
| 040 | |a RuSpLAN | ||
| 041 | 0 | |a rus | |
| 044 | |a ru | ||
| 080 | |a 519.21(075) | ||
| 084 | |a 22.171 |2 rubbk | ||
| 245 | 0 | 0 | |a Элементы стохастики – компетентностный подход |c Нахман А. Д.,Протасов Д. Н.,Пчелинцев А. Н. |
| 260 | |a Тамбов |b ТГТУ |c 2020 | ||
| 300 | |a 82 с. | ||
| 500 | |a Утверждено Учёным советом университета в качестве учебного пособия для студентов 2 курса дневного отделения инженерных направлений подготовки, изучающих дисциплину «Теория вероятностей и математическая статистика» | ||
| 504 | |a Библиогр.: доступна в карточке книги, на сайте ЭБС Лань | ||
| 520 | 8 | |a Приведены краткие теоретические сведения по основным разделам стохастики: комбинаторике, теории вероятностей, элементам математической статистики. Предложены образцы решения типовых задач и значительное количество задач компетентностно-ориентированного содержания для самостоятельного решения обучающимися. Предназначено для студентов 2 курса дневного отделения инженерных направлений подготовки, изучающих дисциплину «Теория вероятностей и математическая статистика». | |
| 521 | 8 | |a Книга из коллекции ТГТУ - Математика | |
| 521 | 8 | |a СЭБ | |
| 100 | 1 | |a Нахман А. Д. | |
| 700 | 1 | |a Протасов Д. Н. | |
| 700 | 1 | |a Пчелинцев А. Н. | |
| 856 | 4 | |u https://e.lanbook.com/book/320207 | |
| 856 | 4 | 8 | |u https://e.lanbook.com/img/cover/book/320207.jpg |
| 953 | |a https://e.lanbook.com/img/cover/book/320207.jpg | ||